Dr. B.R. Ambedkar, 1891-1991 : (Record no. 137073)
[ view plain ]
| 000 -LEADER | |
|---|---|
| fixed length control field | 00672nam a2200193 4500 |
| 010 ## - LIBRARY OF CONGRESS CONTROL NUMBER | |
| LC control number | A-427026 |
| 035 ## - SYSTEM CONTROL NUMBER | |
| System control number | A-427026 |
| 037 ## - SOURCE OF ACQUISITION | |
| Source of stock number/acquisition | Cen Lib / Ret |
| 040 ## - CATALOGING SOURCE | |
| Original cataloging agency | DPL |
| Language of cataloging | En |
| 082 ## - DEWEY DECIMAL CLASSIFICATION NUMBER | |
| Classification number | 920 |
| Item number | CHA |
| 245 ## - TITLE STATEMENT | |
| Title | Dr. B.R. Ambedkar, 1891-1991 : |
| Remainder of title | patriot, philosopher and statesman / |
| Statement of responsibility, etc | edited by K. L. Chanchreek |
| 260 ## - PUBLICATION, DISTRIBUTION, ETC. (IMPRINT) | |
| Place of publication, distribution, etc | Delhi |
| Name of publisher, distributor, etc | H. K. Publishers and Distributors |
| Date of publication, distribution, etc | 1991 |
| 270 ## - ADDRESS | |
| Address | A-1/11, Shakti Nagar Extension |
| City | Delhi |
| 300 ## - PHYSICAL DESCRIPTION | |
| Extent | 326p ; |
| Dimensions | 27cm(Hb) |
| 650 ## - SUBJECT ADDED ENTRY--TOPICAL TERM | |
| Topical term or geographic name as entry element | Ambedkar, Bhimrao Ramji, -- 1892-1956. |
| 650 ## - SUBJECT ADDED ENTRY--TOPICAL TERM | |
| Topical term or geographic name as entry element | India -- Politics and government -- 1919-1947. |
| 650 ## - SUBJECT ADDED ENTRY--TOPICAL TERM | |
| Topical term or geographic name as entry element | Statesmen -- India -- Biography. |
| 942 ## - ADDED ENTRY ELEMENTS (KOHA) | |
| Source of classification or shelving scheme | Dewey Decimal Classification |
| Koha item type | English Books |
| Classification part | 921 |
| Call number suffix | CHA |
| Withdrawn status | Lost status | Materials specified (bound volume or other part) | Damaged status | Not for loan | Home library | Current library | Date acquired | Source of acquisition | Total Checkouts | Full call number | Barcode | Date last seen | Copy number | Price effective from | Koha item type |
|---|---|---|---|---|---|---|---|---|---|---|---|---|---|---|---|
| v 1 | Central Library | Central Library | 16/03/2016 | Cen Lib/Ret | 920 CHA | A-427026 | 16/03/2016 | 1 | 16/03/2016 | English Books |
